| 000 | 011390000a22002890004500 | ||
|---|---|---|---|
| 999 |
_c46045 _d46045 |
||
| 001 | 19683 | ||
| 003 | CO-MdFUSB | ||
| 005 | 20180509113840.0 | ||
| 008 | 180509t1915 stk||||g |||| 00| 0 eng d | ||
| 040 |
_aCO-MdFUSB _bspa _cCO-MdFUSB _dCO-MdFUSBC _erda |
||
| 041 | _aeng | ||
| 082 |
_224 _aG 227.8706 _bN158e |
||
| 100 | 1 |
_aNairne, Alexander _eautor |
|
| 245 | 1 | 4 |
_aThe Epistle of priesthood _b: Studies in the epistle to the Hebrews _c/ Alexander Nairne |
| 250 | _aSegunda edición | ||
| 264 | 1 |
_aEdinburgh, Scotland : _bT. & T. Clark, _c℗1915 |
|
| 300 |
_a446 páginas _b: _c; |
||
| 336 |
_2rdacontent _atexto _btxt |
||
| 337 |
_2rdamedia _asin mediación _bn |
||
| 338 |
_2rdacarrier _avolumen _bnc |
||
| 501 | _aIncluye índices (p. 434-446) | ||
| 505 | 0 | _aFecha y propósito de la epístola -- El principio sacramental -- El sacramento de la encarnación -- Sacerdocio según el orden de Melquisedec -- La venida de Cristo, y la doctrina de lealtad -- La epístola y el Antiguo Testamento -- Una exposición de la epístola | |
| 563 | _aPasta dura | ||
| 630 | 0 | 7 |
_aBiblia. _pHebreos |
| 942 | _cBK | ||